000 00456nam a22001937a 4500
003 CEME
005 20210628210214.0
008 210201b xxu||||| |||| 00| 0 eng d
020 _a969-35-1628-1
040 _c.
082 _a891.4392 ISH
100 _aTalqeen Shah
_978404
245 _aDhandoraa
260 _aLAHORE
_bSANG-E-MEEL
_c2004
300 _a415P
650 _aURDU ADAB-DRAMA
_965638
700 _a Ashfaq Ahmed
_9651
942 _cBK
_2ddc
999 _c583629
_d583629